Lịch sử Đảng nhân dân cách mạng Lào (Tóm lược)
Giới thiệu sự thành lập Đảng bộ cộng sản đầu tiên ở Lào và cuộc khởi nghĩa giành chính quyền và độc lập dân tộc (1930 - 1954). Việc thành lập Đảng nhân dân cách mạng Lào và cuộc đấu tranh chống Mỹ cứu nước (1955 - 1975) công cuộc bảo...
Gespeichert in:
| Körperschaft: | |
|---|---|
| Format: | Buch |
| Sprache: | Undetermined |
| Veröffentlicht: |
Hà Nội
Chính trị Quốc gia
2005
|
| Schlagworte: | |
| Tags: |
Tag hinzufügen
Keine Tags, Fügen Sie den ersten Tag hinzu!
|
| Thư viện lưu trữ: | Trung tâm Học liệu Trường Đại học Cần Thơ |
|---|
| LEADER | 01297nam a2200229Ia 4500 | ||
|---|---|---|---|
| 001 | CTU_110776 | ||
| 008 | 210402s9999 xx 000 0 und d | ||
| 020 | |c 45000 | ||
| 082 | |a 959.4 | ||
| 082 | |b L302 | ||
| 110 | |a Ban chỉ đạo nghiên cứu lý luận và thực tiễn Trung ương Đảng nhân dân cách mạng Lào | ||
| 245 | 0 | |a Lịch sử Đảng nhân dân cách mạng Lào (Tóm lược) | |
| 245 | 0 | |c Ban chỉ đạo nghiên cứu lý luận và thực tiễn Trung ương Đảng nhân dân cách mạng Lào | |
| 260 | |a Hà Nội | ||
| 260 | |b Chính trị Quốc gia | ||
| 260 | |c 2005 | ||
| 520 | |a Giới thiệu sự thành lập Đảng bộ cộng sản đầu tiên ở Lào và cuộc khởi nghĩa giành chính quyền và độc lập dân tộc (1930 - 1954). Việc thành lập Đảng nhân dân cách mạng Lào và cuộc đấu tranh chống Mỹ cứu nước (1955 - 1975) công cuộc bảo vệ và xây dựng đất nước từ 1976 đến nay. | ||
| 650 | |a History,Phak Pasāson Pativat | ||
| 650 | |x History | ||
| 650 | |z Laos | ||
| 904 | |i Giang | ||
| 980 | |a Trung tâm Học liệu Trường Đại học Cần Thơ | ||